| 000 | 00951nam a2200265Ia 4500 | ||
|---|---|---|---|
| 003 | OSt | ||
| 005 | 20221005112023.0 | ||
| 006 | a|||||r|||| 00| 0 | ||
| 007 | ta | ||
| 008 | 221004b |||||||| |||| 00| 0 hin d | ||
| 020 |
_a9789381721605 (hbk) _c550 |
||
| 024 | _a25410 | ||
| 037 |
_b102, 09/03/2016, Mallika Books _cTextual |
||
| 040 |
_aCRL _cCRL _bhin |
||
| 041 |
_2hin _ahin |
||
| 082 | _aR64,17, 152Q2 | ||
| 100 | _aमिश्रा, ममता | ||
| 245 | 0 | _aमीमांसा दर्शन में प्रमाण विचार | |
| 246 | _aMīmāansā darshan mean pramāṇ vichāra | ||
| 260 |
_aवाराणसी _bमनीष प्रकाशन भारत _c2012 |
||
| 300 |
_a178पृ0 _ccm. |
||
| 650 | _aभारतीय दर्शन | ||
| 942 |
_hR64,17, 152Q2 _cTEXL _2cc |
||
| 999 |
_c1023585 _d1023585 |
||